Normal view
MARC view
- Dancz, Virginia H.
Entry Personal Name
001 - CONTROL NUMBER
- control field: 3312
003 - CONTROL NUMBER IDENTIFIER
- control field: OSt
005 - DATE AND TIME OF LATEST TRANSACTION
- control field: 20170511105007.0
008 - FIXED-LENGTH DATA ELEMENTS
- fixed length control field: 170511|| aca||aabn | a|a d
040 ## - CATALOGING SOURCE
- Original cataloging agency: OSt
- Transcribing agency: OSt
100 ## - HEADING--PERSONAL NAME
- Personal name: Dancz, Virginia H.
- Fuller form of name: (Virginia Helen)
670 ## - SOURCE DATA FOUND
- Source citation: Work cat.: (OSt)0: Dancz, Virginia H. (Virginia Helen), Women and party politics in Peninsular Malaysia /, 1987

PORTAL AKMAL
E-MEL JKDM
AKMAL2U
G-BAM
u-PUSTAKA